[Event "Indywidualne Mistrzostwa Polski Juniorow do lat 16 - Chlopcy"]
[Site "Szklarska Poreba"]
[Date "1899-12-30"]
[Round "6.24"]
[White "Paprocki, Stanislaw"]
[Black "Majdanski, Maksymilian"]
[Result "1/2-1/2"]
[WhiteTitle "I"]
[BlackTitle "I"]
[WhiteElo "1824"]
[BlackElo "1686"]

1. e4 c5 2. Nf3 Nc6 3. d4 cxd4 4. Nxd4 Nf6 5. Nc3 e5 6. Ndb5 d6 7. Bg5 a6 8. Na3
b5 9. Nd5 Be7 10. Bxf6 Bxf6 11. c3 Bg5 12. Nc2 O-O 13. a4 bxa4 14. Rxa4 a5 15.
Bc4 Kh8 16. O-O f5 17. exf5 Bxf5 18. Nce3 Bg6 19. Qg4 Bxe3 20. Nxe3 Rf4 21. Qe2
Ne7 22. g3 Rf8 23. Nd5 Nf5 24. Rfa1 Be8 25. R4a3 Qg5 26. Nc7 Bh5 27. Qe4 Nxg3
28. hxg3 Bf3 29. Qh4 Qxh4 30. gxh4 Rac8 31. Ne6 Rxc4 32. Ra4 Rxa4 33. Rxa4 Rf6
34. Ng5 Bc6 35. Rxa5 Rf4 36. Ra6 Rg4+ 37. Kh2 Rxh4+ 38. Kg3 Rc4 39. Nf7+ Kg8 40.
Nxd6 Rc5 41. Ra7 Rd5 42. Nf5 Rd3+ 43. Ne3 Rd6 44. c4 Rg6+ 45. Kh2 Rh6+ 46. Kg3
Rg6+ 47. Kh4 Rf6 1/2-1/2

[Event "Indywidualne Mistrzostwa Polski Juniorow do lat 16 - Chlopcy"]
[Site "Szklarska Poreba"]
[Date "1899-12-30"]
[Round "6.25"]
[White "Bojczewski, Mateusz"]
[Black "Gardian, Adam"]
[Result "1-0"]
[WhiteTitle "I+"]
[BlackTitle "I"]
[WhiteElo "1751"]
[BlackElo "1612"]

1. e4 c6 2. d4 d5 3. f3 e5 4. dxe5 Bc5 5. Nc3 b5 6. exd5 Qb6 7. Nh3 Bxh3 8. gxh3
Bf2+ 9. Ke2 Bg1 10. Qd3 Qf2+ 11. Kd1 Nd7 12. Ne4 Qb6 13. Nd6+ Ke7 14. Qf5 Qd4+
15. Bd3 Nxe5 16. Nc8+ Rxc8 17. Qxc8 Nxd3 18. Qc7+ Kf6 19. Qxc6+ Kf5 20. Qd7+ Kg6
21. cxd3 Nf6 22. Qxb5 Qf2 23. d6 Qxf3+ 24. Kc2 Rc8+ 25. Kb3 Qd1+ 26. Ka3 Bc5+
27. b4 Qxh1 28. bxc5 Qd5 29. Be3 h5 30. Rg1+ Kh7 31. Rg5 Qe6 32. Bd4 g6 33. Qb7
Qxh3 34. Qxf7+ Ng8 1-0

[Event "Indywidualne Mistrzostwa Polski Juniorow do lat 16 - Chlopcy"]
[Site "Szklarska Poreba"]
[Date "1899-12-30"]
[Round "7.1"]
[White "Pniaczek, Marek"]
[Black "Baum, Jonasz"]
[Result "1-0"]
[WhiteTitle "CM"]
[BlackTitle "FM"]
[WhiteElo "2168"]
[BlackElo "2290"]

1. e4 c5 2. Nf3 d6 3. Bb5+ Bd7 4. c4 Nf6 5. Nc3 Bxb5 6. cxb5 g6 7. d4 cxd4 8. Nxd4
Bg7 9. O-O O-O 10. f4 Nbd7 11. Be3 e5 12. Nb3 exf4 13. Bxf4 Qb6+ 14. Kh1 Ne5 15.
Bg5 Neg4 16. Qe2 h6 17. Bh4 Rfe8 18. h3 g5 19. Be1 Ne3 20. Rxf6 Bxf6 21. Na4 Qc7
22. Qxe3 Qc4 23. Nc3 Bxc3 24. Bxc3 Qxe4 25. Qg3 Qd5 26. Rf1 f5 27. Nd4 Rf8 28.
h4 f4 29. Qg4 Rae8 30. Qh5 Rf7 31. Qg6+ Kf8 32. Qxh6+ Ke7 33. Re1+ Kd7 34. Rxe8
Kxe8 35. Qxg5 Qxa2 36. Kh2 Qc4 37. Qg8+ Kd7 38. Nf3 Qd5 39. Ng5 Rf5 40. Qxd5 Rxd5
41. Kh3 Rd3+ 42. Nf3 Ke6 43. Kg4 Kf7 44. h5 Kg8 45. Ng5 Rg3+ 46. Kxf4 Rxg2 47.
h6 1-0

[Event "Indywidualne Mistrzostwa Polski Juniorow do lat 16 - Chlopcy"]
[Site "Szklarska Poreba"]
[Date "1899-12-30"]
[Round "7.2"]
[White "Mis, Mieszko"]
[Black "Teclaf, Pawel"]
[Result "1/2-1/2"]
[WhiteTitle "FM"]
[BlackTitle "CM"]
[WhiteElo "2272"]
[BlackElo "2460"]

1. d4 e6 2. Nf3 c5 3. g3 b6 4. d5 exd5 5. Qxd5 Nc6 6. Bg2 Nf6 7. Qd1 Ba6 8. O-O
Be7 9. Bf4 d5 10. Ne5 Nd4 11. c4 O-O 12. Nc3 Bxc4 13. Nxc4 dxc4 14. e3 Ne6 15.
Qa4 Nxf4 16. gxf4 Rb8 17. Qxc4 b5 18. Nxb5 Qb6 19. a4 a6 20. Na3 Rfd8 21. a5 Qxa5
22. Nc2 Qb5 23. Na3 Qxb2 24. Qxa6 Nd7 25. Nc4 Qf6 26. Qxf6 Bxf6 27. Ra7 Nb6 28.
Nxb6 Rxb6 29. Rc7 Rb2 30. Rxc5 g6 1/2-1/2

[Event "Indywidualne Mistrzostwa Polski Juniorow do lat 16 - Chlopcy"]
[Site "Szklarska Poreba"]
[Date "1899-12-30"]
[Round "7.3"]
[White "Lichorad, Mateusz"]
[Black "Czopor, Maciej"]
[Result "0-1"]
[WhiteTitle "I"]
[BlackTitle "k"]
[WhiteElo "1752"]
[BlackElo "2229"]

1. d4 Nf6 2. Nf3 e6 3. Bf4 b6 4. e3 Bb7 5. Nbd2 Be7 6. Bd3 c5 7. c3 Nh5 8. Bxb8
Rxb8 9. Qe2 Nf6 10. O-O O-O 11. a3 d6 12. Rfe1 Qc7 13. Rac1 Rfe8 14. e4 Rbc8 15.
Nf1 cxd4 16. Nxd4 Qb8 17. Ng3 g6 18. Ba6 Nd7 19. Bxb7 Qxb7 20. Nf1 Bf8 21. Rcd1
a6 22. Nd2 b5 23. h3 Red8 24. Ra1 Nc5 25. Qe3 Bg7 26. N2b3 Na4 27. Qd2 Qb6 28.
Rab1 a5 29. Rec1 Nc5 30. Qe2 Nxb3 31. Nxb3 Rc4 32. Nd2 Rc7 33. c4 Rdc8 34. b3
d5 35. exd5 exd5 36. Qd3 Qe6 37. Re1 dxc4 38. Rxe6 cxd3 39. Re3 Rc1+ 40. Rxc1
Rxc1+ 41. Kh2 Bh6 0-1

[Event "Indywidualne Mistrzostwa Polski Juniorow do lat 16 - Chlopcy"]
[Site "Szklarska Poreba"]
[Date "1899-12-30"]
[Round "7.4"]
[White "Redzisz, Michal"]
[Black "Trybus, Daniel"]
[Result "0-1"]
[WhiteTitle "k"]
[BlackTitle "I+"]
[WhiteElo "2117"]
[BlackElo "1914"]

1. d4 Nf6 2. c4 g6 3. f3 c5 4. d5 d6 5. e4 Bg7 6. Nc3 O-O 7. Bd3 e6 8. Nge2 exd5
9. cxd5 Na6 10. O-O Rb8 11. Bg5 Qa5 12. Kh1 Nb4 13. Nb5 Nxd3 14. Qxd3 Rd8 15.
Nec3 h6 16. Bf4 Qa6 17. g4 Bd7 18. a4 Ne8 19. Rfd1 Rbc8 20. Qd2 Kh7 21. h4 Qa5
22. g5 Bf8 23. gxh6 a6 24. Na3 c4 25. h5 Nf6 26. hxg6+ fxg6 27. Bg5 Be7 28. Qd4
Rf8 29. Rg1 Bd8 30. Rg2 Bb6 31. Qd2 Nh5 32. f4 Bh3 33. Rh2 Ng3# 0-1

[Event "Indywidualne Mistrzostwa Polski Juniorow do lat 16 - Chlopcy"]
[Site "Szklarska Poreba"]
[Date "1899-12-30"]
[Round "7.5"]
[White "Niedbala, Bartlomiej"]
[Black "Suder, Jakub"]
[Result "0-1"]
[WhiteTitle "I++"]
[BlackTitle "I++"]
[WhiteElo "2087"]
[BlackElo "1868"]

1. e4 c5 2. Nf3 e6 3. d4 cxd4 4. Nxd4 Nf6 5. Nc3 Nc6 6. Ndb5 Bb4 7. a3 Bxc3+ 8.
Nxc3 d5 9. exd5 exd5 10. Bd3 O-O 11. O-O d4 12. Ne2 Bg4 13. Bg5 Qd6 14. h3 Bh5
15. Qd2 Rfe8 16. Nf4 Bg6 17. Nxg6 hxg6 18. Rae1 Nd7 19. Bf4 Qd5 20. Rxe8+ Rxe8
21. Re1 Rxe1+ 22. Qxe1 Nf6 23. b3 a6 24. Bg3 Qd7 25. Qe2 Qd5 26. Bc4 Qc5 27. b4
Qg5 28. Qd3 Nh5 29. Qf3 Nf6 30. Qb3 Nd8 31. Bc7 b5 32. Bd3 Ne6 33. Bg3 Nd5 34.
Be4 Nc3 35. Bf3 Qc1+ 36. Kh2 Ng5 37. Bg4 Nge4 38. Be6 fxe6 39. Qxe6+ Kh7 40. Qe7
Qg5 41. Qe5 Qf6 0-1

[Event "Indywidualne Mistrzostwa Polski Juniorow do lat 16 - Chlopcy"]
[Site "Szklarska Poreba"]
[Date "1899-12-30"]
[Round "7.6"]
[White "Warchol, Bartosz"]
[Black "Fiedorek, Michal"]
[Result "1/2-1/2"]
[WhiteTitle "I++"]
[BlackTitle "k"]
[WhiteElo "2033"]
[BlackElo "2049"]

1. d4 Nf6 2. Nf3 g6 3. g3 Bg7 4. Bg2 O-O 5. O-O d6 6. b3 Nbd7 7. Bb2 c6 8. c4 Qc7
9. Nc3 Re8 10. e4 e5 11. Re1 exd4 12. Nxd4 Nc5 13. Qc2 a5 14. Rad1 Bd7 15. h3
Rad8 16. f4 Qb6 17. Kh2 h5 18. Nf3 Bc8 19. e5 dxe5 20. Nxe5 Bf5 21. Qf2 Nfd7 22.
Ba3 Nd3 23. Nxd3 Bxc3 24. Qxb6 Nxb6 25. Rxe8+ Rxe8 26. Ne5 f6 27. Nf3 Kf7 28.
Rc1 Bb4 29. Bxb4 axb4 30. Nd4 Ra8 31. Nxf5 gxf5 32. Rc2 Nd7 33. Bf3 Kg6 34. Kg2
Nc5 35. Rd2 Ra7 36. Kf2 Ne6 37. Ke3 c5 38. g4 hxg4 39. hxg4 fxg4 40. Bxg4 f5 41.
Bf3 Nd4 42. Rg2+ Kf6 43. Bd5 b6 44. Rh2 Ra3 45. Kd3 Ra7 46. Ke3 Kg6 47. Kd3 Kf6
1/2-1/2

[Event "Indywidualne Mistrzostwa Polski Juniorow do lat 16 - Chlopcy"]
[Site "Szklarska Poreba"]
[Date "1899-12-30"]
[Round "7.7"]
[White "Skurniak, Szymon"]
[Black "Golenia, Wojciech"]
[Result "0-1"]
[WhiteTitle "I"]
[BlackTitle "k"]
[WhiteElo "1970"]
[BlackElo "2179"]

1. e4 e5 2. Nc3 Nf6 3. g3 Bc5 4. Bg2 O-O 5. d3 c6 6. Nf3 Re8 7. O-O d5 8. exd5
cxd5 9. d4 exd4 10. Nxd4 Bg4 11. Qd2 Nc6 12. Nb3 Bb4 13. a3 Re2 14. Qd3 Ne5 15.
Qd4 Bxc3 16. Qxc3 Rc8 17. Qb4 Rexc2 18. Bg5 Be2 19. Rfe1 Nd3 20. Qd4 Nxe1 21.
Rxe1 h6 22. Bd2 Bg4 23. h3 R2c4 24. Qxa7 Bf5 25. Na5 Ra8 26. Nxb7 Rxa7 27. Nxd8
Rc8 28. Re5 Bd7 29. Be3 Rac7 30. Bb6 Rc1+ 31. Kh2 Rb8 32. Ba5 Rxb2 33. Bb4 Rxf2
34. Nxf7 Kxf7 35. Re7+ Kg6 36. Be1 Ra2 37. h4 Rcc2 38. h5+ Kxh5 39. Rxg7 Rxg2+
40. Kh1 Rh2+ 41. Kg1 Rag2+ 42. Kf1 Bb5# 0-1

[Event "Indywidualne Mistrzostwa Polski Juniorow do lat 16 - Chlopcy"]
[Site "Szklarska Poreba"]
[Date "1899-12-30"]
[Round "7.8"]
[White "Bachor, Tomasz"]
[Black "Dixa, Oskar"]
[Result "1/2-1/2"]
[WhiteTitle "I+"]
[BlackTitle "k"]
[WhiteElo "2010"]
[BlackElo "2101"]

1. d4 Nf6 2. c4 e6 3. Nc3 Bb4 4. e3 O-O 5. Bd3 d5 6. a3 Bxc3+ 7. bxc3 c5 8. Ne2
b6 9. O-O Qc7 10. cxd5 exd5 11. Ng3 Re8 12. f3 Bb7 13. Re1 Nc6 14. Bb2 Rad8 15.
Rc1 Qd7 16. Qd2 Na5 17. Qf2 Nb3 18. Rcd1 a5 19. Bc2 c4 20. e4 dxe4 21. fxe4 b5
22. e5 Nd5 23. Ne4 h6 24. Qg3 Qe7 25. Nd6 Rf8 26. h4 Bc8 27. Nxb5 Bd7 28. Nd6
Nb6 29. Rf1 Be6 30. d5 Nxd5 31. Rxd5 Bxd5 32. Nf5 Qc5+ 33. Kh1 g6 34. Nxh6+ Kh8
35. h5 Bxg2+ 36. Qxg2 Rd2 37. Nxf7+ Rxf7 38. Qa8+ Kg7 39. h6+ Kxh6 40. Rxf7 Qxe5
41. Qf8+ Kg5 42. Rf2 Qd5+ 43. Kg1 Rxc2 44. Qf4+ Kh5 45. Qh2+ Kg5 46. Qg3+ Kh5
47. Qh3+ Kg5 48. Qe3+ Kh5 1/2-1/2

[Event "Indywidualne Mistrzostwa Polski Juniorow do lat 16 - Chlopcy"]
[Site "Szklarska Poreba"]
[Date "1899-12-30"]
[Round "7.9"]
[White "Bujalski, Mateusz"]
[Black "Szczurek, Krzysztof"]
[Result "0-1"]
[WhiteTitle "I"]
[BlackTitle "FM"]
[WhiteElo "1658"]
[BlackElo "2164"]

1. e4 c5 2. Nf3 d6 3. d4 cxd4 4. Nxd4 Nf6 5. Nc3 a6 6. Bc4 e6 7. O-O Be7 8. Be3
O-O 9. Qf3 Nbd7 10. Qg3 Nc5 11. f3 Qc7 12. Rad1 Ncxe4 13. Nxe4 Qxc4 14. Nxd6 Qxa2
15. b3 Qa5 16. Nc4 Qh5 17. Ne2 Bc5 18. Qc7 Bxe3+ 19. Nxe3 Qg5 20. f4 Qb5 21. Nc4
Nd5 22. Qe5 Qc5+ 23. Nd4 Bd7 24. Kh1 Rac8 25. f5 f6 26. Qg3 e5 27. Ne6 Bxe6 28.
fxe6 b5 29. Qf3 bxc4 30. Rxd5 Qc6 31. e7 Rfe8 32. Rfd1 cxb3 33. Qxb3 Qxc2 34.
Qb4 Qc4 35. Qa5 Rxe7 36. Rd6 h6 37. Rxa6 Rd7 38. Re1 Kh7 39. Qa1 Qc3 40. Qb1+
Qc2 0-1

[Event "Indywidualne Mistrzostwa Polski Juniorow do lat 16 - Chlopcy"]
[Site "Szklarska Poreba"]
[Date "1899-12-30"]
[Round "7.10"]
[White "Distel, Pawel"]
[Black "Sanz Wawer, Daniel"]
[Result "0-1"]
[WhiteTitle "I"]
[BlackTitle "k"]
[WhiteElo "1751"]
[BlackElo "2146"]

1. Nf3 d5 2. g3 c6 3. Bg2 Bg4 4. d3 Nd7 5. O-O Ngf6 6. Nbd2 e6 7. e4 Bd6 8. h3
Bxf3 9. Bxf3 O-O 10. Bg2 e5 11. Qe2 Re8 12. Rd1 Qc7 13. Nf1 dxe4 14. dxe4 Nc5
15. Bg5 Be7 16. Bxf6 Bxf6 17. Ne3 Ne6 18. c3 Be7 19. h4 Rad8 20. Qc2 Bc5 21. Nc4
b5 22. Nd2 Bb6 23. Bh3 Qe7 24. Bxe6 Qxe6 25. Nf3 Qh3 26. Qe2 Qxg3+ 27. Kf1 Qh3+
28. Kg1 h6 29. Nh2 Qxh4 30. Qf3 Rxd1+ 31. Rxd1 Re6 0-1

[Event "Indywidualne Mistrzostwa Polski Juniorow do lat 16 - Chlopcy"]
[Site "Szklarska Poreba"]
[Date "1899-12-30"]
[Round "7.11"]
[White "Oborski, Artur"]
[Black "Panek, Bartosz"]
[Result "1-0"]
[WhiteTitle "I++"]
[BlackTitle "I"]
[WhiteElo "2023"]
[BlackElo "1946"]

1. d4 Nf6 2. c4 c5 3. d5 b5 4. cxb5 a6 5. bxa6 e6 6. Nc3 exd5 7. Nxd5 Nxa6 8. Bg5
Be7 9. Nxe7 Qxe7 10. Nf3 h6 11. Bd2 d5 12. e3 O-O 13. Be2 Rb8 14. O-O Ne4 15.
Bc3 Rd8 16. Qc2 Nb4 17. Bxb4 Rxb4 18. b3 Bf5 19. Qb2 Bd7 20. Rac1 Bb5 21. Bxb5
Rxb5 22. Rfd1 Ra5 23. Nd2 Rb8 24. Nxe4 Qxe4 25. Qd2 Qb4 26. h3 Rba8 27. Qxd5 Rxa2
28. Rxc5 Rb8 29. Rc7 Qxb3 30. Rc8+ Kh7 31. Rxb8 1-0

[Event "Indywidualne Mistrzostwa Polski Juniorow do lat 16 - Chlopcy"]
[Site "Szklarska Poreba"]
[Date "1899-12-30"]
[Round "7.12"]
[White "Jankowski, Igor"]
[Black "Piekielny, Pawel"]
[Result "0-1"]
[WhiteTitle "II+"]
[BlackTitle "I++"]
[WhiteElo "1503"]
[BlackElo "2017"]

1. b4 d5 2. Bb2 Qd6 3. a3 e5 4. Nf3 e4 5. Nd4 a5 6. bxa5 c6 7. e3 Nf6 8. Be2 Qc7
9. c4 Bd6 10. Nc3 dxc4 11. Bxc4 O-O 12. Qc2 Re8 13. d3 exd3 14. Bxd3 Na6 15. Ne4
Nxe4 16. Bxe4 g6 17. Kf1 Nc5 18. Bf3 Qxa5 19. h4 Na4 20. h5 Nxb2 21. hxg6 hxg6
22. Qxb2 Be5 23. Qc2 Bg7 24. Rc1 Qxa3 25. Kg1 Rd8 26. Nb3 Qa2 27. Qxa2 Rxa2 28.
Rh4 Rb2 29. Na5 Rb5 30. Ra4 Be6 31. Bxc6 bxc6 32. Nxc6 Rd2 33. Nd4 Bxd4 34. Rxd4
Rxd4 35. exd4 Kf8 36. Kf1 Rb2 37. Rd1 Bf5 38. f3 Rb1 39. Rxb1 Bxb1 40. Ke2 Ke7
41. Ke3 Ke6 42. Kf4 Kd5 43. Ke3 Bf5 44. g4 Bc8 45. Kf4 Kxd4 46. Kg5 Be6 47. f4
Ke4 48. Kh4 Kxf4 49. g5 Bd5 0-1

[Event "Indywidualne Mistrzostwa Polski Juniorow do lat 16 - Chlopcy"]
[Site "Szklarska Poreba"]
[Date "1899-12-30"]
[Round "7.13"]
[White "Gorkiewicz, Mateusz"]
[Black "Mike, Patryk"]
[Result "1/2-1/2"]
[WhiteTitle "I"]
[BlackTitle "I+"]
[WhiteElo "1990"]
[BlackElo "1942"]

1. e4 e5 2. Nf3 Nc6 3. Nc3 Nf6 4. a3 d5 5. Bb5 d4 6. Ne2 Bd6 7. d3 a6 8. Bxc6+
bxc6 9. O-O h6 10. Ng3 Be6 11. h3 c5 12. b3 g5 13. Nh2 Qd7 14. Qf3 Ke7 15. Nf5+
Bxf5 16. Qxf5 Rag8 17. Qxd7+ Nxd7 18. g4 h5 19. Kg2 Nf8 20. Bd2 Ne6 21. f3 f6
22. Rh1 h4 23. Rhb1 Rb8 24. Nf1 Rb7 25. Kh2 Rhb8 26. Rd1 Kd7 27. Be1 Nd8 28. Nd2
Nc6 29. Nc4 Be7 30. Ra2 Bd6 31. Rda1 Be7 32. Kg2 Bd6 33. Kf1 1/2-1/2

[Event "Indywidualne Mistrzostwa Polski Juniorow do lat 16 - Chlopcy"]
[Site "Szklarska Poreba"]
[Date "1899-12-30"]
[Round "7.14"]
[White "Dalkowski, Rafal"]
[Black "Ossolinski, Ziemowit"]
[Result "1-0"]
[WhiteTitle "II"]
[BlackTitle "I+"]
[WhiteElo "1607"]
[BlackElo "1946"]

1. d4 Nf6 2. c4 c5 3. d5 b5 4. cxb5 a6 5. bxa6 g6 6. Nc3 Bxa6 7. g3 Bg7 8. Bg2
d6 9. Nf3 O-O 10. O-O Nbd7 11. Qc2 Nb6 12. Rd1 Qc7 13. Rb1 Bc4 14. b3 Bxd5 15.
Nxd5 Nfxd5 16. Bd2 Ra3 17. e4 Nf6 18. Bf4 Rfa8 19. Rd2 Nh5 20. Be3 Qa7 21. e5
Rxa2 22. Qd3 Nc8 23. g4 Rxd2 24. Bxd2 dxe5 25. gxh5 Nd6 26. Qc2 Rc8 27. Be3 Qa5
28. Nd2 Qb4 29. Nc4 gxh5 30. Bf3 Rb8 31. Nxd6 exd6 32. Rd1 Kh8 33. Qc4 Qb6 34.
Qxf7 Rf8 35. Qd5 h4 36. Bg2 Rf6 37. Bg5 Rf5 38. Bxh4 Rf4 39. Bg5 Rf5 40. Be3 Rf6
41. Ra1 1-0

[Event "Indywidualne Mistrzostwa Polski Juniorow do lat 16 - Chlopcy"]
[Site "Szklarska Poreba"]
[Date "1899-12-30"]
[Round "7.15"]
[White "Cisek, Kamil"]
[Black "Kania, Dominik"]
[Result "1/2-1/2"]
[WhiteTitle "I"]
[BlackTitle "I"]
[WhiteElo "1766"]
[BlackElo "1759"]

1. d4 Nf6 2. Nf3 d6 3. c4 g6 4. g3 Bg7 5. Bg2 O-O 6. O-O c6 7. Nc3 Qa5 8. Qd2 e5
9. b3 Be6 10. Bb2 Nbd7 11. dxe5 dxe5 12. Ne4 Qxd2 13. Nfxd2 Rfd8 14. Rfd1 Ne8
15. Ng5 Nc7 16. Nde4 h6 17. Nxe6 Nxe6 18. e3 Ndc5 19. Nxc5 Nxc5 20. Ba3 Bf8 21.
Bxc5 Bxc5 22. Kf1 Kf8 23. Ke2 Ke7 24. Rxd8 Rxd8 25. Rd1 Rxd1 26. Kxd1 a5 27. Ke2
f5 28. e4 Bd4 29. f4 exf4 30. gxf4 fxe4 31. Bxe4 1/2-1/2

[Event "Indywidualne Mistrzostwa Polski Juniorow do lat 16 - Chlopcy"]
[Site "Szklarska Poreba"]
[Date "1899-12-30"]
[Round "7.16"]
[White "Kozlowski, Michal"]
[Black "Koziorowicz, Michal"]
[Result "0-1"]
[WhiteTitle "I+"]
[BlackTitle "I++"]
[WhiteElo "1826"]
[BlackElo "1919"]

1. e4 c5 2. Nf3 d6 3. d4 Nf6 4. dxc5 Nxe4 5. cxd6 Nxd6 6. Be2 Nc6 7. Bf4 g6 8.
c3 Bg7 9. Bxd6 exd6 10. Nbd2 O-O 11. O-O Re8 12. Nb3 Qb6 13. Re1 Be6 14. Ng5 Be5
15. g3 a5 16. Nxe6 fxe6 17. Rb1 Rf8 18. Rf1 Rf6 19. Kg2 d5 20. Nd2 Raf8 21. f4
Bb8 22. Nf3 Ba7 23. Qd3 Kg7 24. a3 Qc7 25. Rbd1 h6 26. h4 R8f7 27. c4 Rf5 28.
cxd5 exd5 29. Qb3 Re7 30. Bb5 Re3 31. Qc2 Qe7 32. Rde1 d4 33. Rxe3 dxe3 34. Bxc6
bxc6 35. Ne5 Rf6 36. Rd1 Rd6 37. Nxc6 e2 38. Qc3+ Qf6 39. Qxf6+ Rxf6 40. Re1 Rxc6
41. Rxe2 Bd4 42. b4 axb4 43. axb4 Rb6 44. h5 g5 45. Kh3 gxf4 46. gxf4 Rxb4 47.
Kg4 Rb6 48. Re7+ Kf8 49. Rd7 Bf6 50. Kf5 Be7 51. Rd5 Kf7 52. Ra5 Rf6+ 53. Kg4
Rc6 54. Kf5 Bd6 55. Rd5 Ke7 56. Rd4 Bc7 57. Re4+ Kf7 58. Ra4 Rc5+ 59. Kg4 Ke6
60. Re4+ Kf6 61. Ra4 Rc6 62. Re4 Bd6 63. Rd4 Ra6 64. Rd5 Ke6 65. Rd4 Ra1 66. Rd3
Ra4 67. Rf3 Ra8 68. Rd3 Ra4 69. Rf3 Bc7 70. Rf1 Rc4 71. Re1+ Kd5 72. Rf1 Ke4 73.
f5 Ke5+ 74. Kh3 Kf6 75. Rf3 Bf4 76. Kg4 Bg5+ 77. Kg3 Rh4 78. Kg2 Bf4 79. Rh3 Rg4+
80. Kh1 Kxf5 81. Rb3 Kg5 82. Rb5+ Kh4 83. Rb3 Bg5 84. Kh2 Kxh5 85. Rh3+ Kg6 86.
Ra3 Rb4 87. Ra2 h5 88. Kh3 Rb3+ 89. Kh2 h4 90. Ra6+ Kh5 91. Ra1 h3 92. Kh1 Bf4
93. Rf1 Kg4 94. Rg1+ Bg3 95. Rc1 Rb2 96. Rd1 Bf2 97. Ra1 Be3 98. Rf1 Bf2 99. Ra1
Kf3 100. Rd1 Rb6 101. Ra1 h2 102. Ra3+ Be3 103. Rc3 Rb1+ 104. Kxh2 Rb6 0-1

[Event "Indywidualne Mistrzostwa Polski Juniorow do lat 16 - Chlopcy"]
[Site "Szklarska Poreba"]
[Date "1899-12-30"]
[Round "7.17"]
[White "Chaczynski, Kamil"]
[Black "Golecki, Jan"]
[Result "0-1"]
[WhiteTitle "I"]
[BlackTitle "I++"]
[WhiteElo "1773"]
[BlackElo "1995"]

1. e4 e5 2. Nf3 d6 3. d4 Nd7 4. Nc3 Ngf6 5. Bc4 Be7 6. O-O c6 7. a4 Qc7 8. Ba2
h6 9. Re1 Nf8 10. h3 g5 11. Qd3 g4 12. hxg4 Bxg4 13. Nh4 Ne6 14. Be3 Rg8 15. Nf5
Bh3 16. g3 Rg6 17. Bxe6 fxe6 18. Nxe7 Qxe7 19. dxe5 dxe5 20. Rad1 Nh5 21. Ne2
Qf6 22. Bc5 Kf7 23. Qd7+ Kg8 24. Rd3 Rg7 25. Qd6 Kh7 26. Kh2 Bg4 27. Ng1 b6 28.
f3 bxc5 29. Qxc5 Nf4 30. Rd2 Bh5 31. Qxc6 Rag8 32. Rd7 Bf7 33. Qb7 Nh5 34. Re2
Nxg3 35. Rg2 Nf1+ 36. Kh3 Rg3+ 0-1

[Event "Indywidualne Mistrzostwa Polski Juniorow do lat 16 - Chlopcy"]
[Site "Szklarska Poreba"]
[Date "1899-12-30"]
[Round "7.18"]
[White "Strzelecki, Maciej"]
[Black "Zabron, Maksym"]
[Result "1-0"]
[WhiteTitle "k"]
[BlackTitle "I"]
[WhiteElo "2032"]
[BlackElo "1678"]

1. e4 c5 2. Nf3 Nc6 3. d4 cxd4 4. Nxd4 Nf6 5. Nc3 g6 6. Be3 Bg7 7. Bc4 O-O 8. Bb3
d6 9. f3 Bd7 10. Qd2 Rc8 11. O-O-O Ne5 12. Kb1 Nc4 13. Bxc4 Rxc4 14. g4 Qb8 15.
h4 h5 16. gxh5 Nxh5 17. Nde2 Rfc8 18. Bh6 b5 19. Bxg7 Kxg7 20. Rc1 Qb7 21. Nd5
e5 22. Ne3 R4c6 23. Rhg1 Be6 24. Nf5+ Bxf5 25. exf5 Qe7 26. Rg5 Rh8 27. fxg6 fxg6
28. Rcg1 Rh6 29. f4 exf4 30. Nd4 Qd7 31. Nf5+ Kh7 32. Nxh6 Ng3 33. Qxf4 Ne2 34.
Qe4 1-0

[Event "Indywidualne Mistrzostwa Polski Juniorow do lat 16 - Chlopcy"]
[Site "Szklarska Poreba"]
[Date "1899-12-30"]
[Round "7.19"]
[White "Kopec, Norbert"]
[Black "Musial, Tomasz"]
[Result "1-0"]
[WhiteTitle "I"]
[BlackTitle "k"]
[WhiteElo "1826"]
[BlackElo "1983"]

1. e4 c5 2. Nf3 d6 3. d4 Nf6 4. Nc3 cxd4 5. Nxd4 a6 6. a4 e5 7. Nf3 Be7 8. Bg5
Nbd7 9. Bc4 b6 10. Nd5 Bb7 11. Bxf6 Nxf6 12. Nxf6+ Bxf6 13. Qd3 O-O 14. O-O Qc7
15. c3 Rfd8 16. Rfd1 b5 17. axb5 axb5 18. Bd5 Bxd5 19. Qxd5 Rxa1 20. Rxa1 Rb8
21. h3 Be7 22. Ra8 g6 23. Rxb8+ Qxb8 24. Ne1 b4 25. Qb3 Qb7 26. Qxb4 Qxb4 27.
cxb4 Kf8 28. Kf1 Ke8 29. Ke2 Kd7 30. Kd3 f5 31. f3 Bh4 32. Nc2 f4 33. Kc4 Ke6
34. Kb5 d5 35. exd5+ Kxd5 36. Ka6 Kc4 37. b5 Kb3 38. b6 Bd8 39. Na3 Kxb2 40. Nb5
Bxb6 41. Kxb6 Kc2 42. Kc5 Kd3 43. Kd5 Ke3 44. Kxe5 Kf2 45. Kxf4 Kxg2 46. h4 1-0

[Event "Indywidualne Mistrzostwa Polski Juniorow do lat 16 - Chlopcy"]
[Site "Szklarska Poreba"]
[Date "1899-12-30"]
[Round "7.20"]
[White "Bojczewski, Mateusz"]
[Black "Kucharski, Bartlomiej"]
[Result "1-0"]
[WhiteTitle "I+"]
[BlackTitle "I+"]
[WhiteElo "1751"]
[BlackElo "1945"]

1. e4 c6 2. Nf3 d5 3. Nc3 d4 4. Ne2 c5 5. Ng3 Nc6 6. Bb5 Bd7 7. O-O Qc7 8. c3 e5
9. Qb3 h6 10. d3 Bd6 11. h3 Nge7 12. Re1 O-O 13. Bxc6 Qxc6 14. Bd2 Qa6 15. c4
Kh7 16. Qd1 Qc6 17. a3 Qc7 18. Qe2 a5 19. Rab1 g6 20. b4 b6 21. b5 Rae8 22. Nh2
f5 23. exf5 gxf5 24. Qh5 Ng8 25. Nf3 Qd8 26. Bg5 Qc7 27. Nh4 Re6 28. Nhxf5 Be8
29. Qh4 Rg6 30. Bd2 Qf7 31. Rf1 Bc7 32. Qe4 Qf6 33. h4 Bd7 34. h5 Bxf5 35. hxg6+
Bxg6 36. Qe2 Ne7 37. Ne4 Qh4 38. f3 Nf5 39. Qf2 Qe7 40. Kh2 Ng7 41. Rh1 Ne6 42.
Kg1 h5 43. Qh4 Bd8 44. Qxe7+ Bxe7 45. Kf2 Bxe4 46. Rxh5+ Kg6 47. Rh6+ Kf7 48.
fxe4 Rg8 49. Rh7+ Ke8 50. Rbh1 Rg7 51. Rxg7 Nxg7 52. Rh6 Bd8 53. Rh8+ Kd7 54.
Rh7 Bf6 55. g4 1-0

[Event "Indywidualne Mistrzostwa Polski Juniorow do lat 16 - Chlopcy"]
[Site "Szklarska Poreba"]
[Date "1899-12-30"]
[Round "7.21"]
[White "Bartoszewski-reiski, Olaf"]
[Black "Maciejewski, Kamil"]
[Result "0-1"]
[WhiteTitle "I+"]
[BlackTitle "I"]
[WhiteElo "1707"]
[BlackElo "1930"]

1. e4 e5 2. Bc4 Nf6 3. d3 c6 4. Nf3 d5 5. Bb3 Bb4+ 6. c3 Bd6 7. Nbd2 O-O 8. O-O
Nbd7 9. Qe2 dxe4 10. Nxe4 Nxe4 11. dxe4 Nc5 12. Bc2 Bg4 13. h3 Bh5 14. Be3 Ne6
15. Rad1 Qe7 16. Bb3 Bg6 17. Nd2 Bc7 18. Qg4 Nf4 19. Bxf4 exf4 20. Rfe1 Rad8 21.
h4 Qc5 22. e5 Bxe5 23. h5 Bd3 24. Nf3 Bf6 25. h6 Qf5 26. Qxf5 Bxf5 27. hxg7 Kxg7
28. Nd4 Bg6 29. Ne2 Be5 30. Nd4 Bd6 31. Rd2 Bc5 32. Red1 Rde8 33. Kf1 Re7 34.
Ne2 Bh5 35. f3 Be3 36. Rd7 Rfe8 37. Rxe7 Rxe7 38. Rd8 Bg6 39. Bc4 Re5 40. g3 fxg3
41. Nxg3 h5 42. Bd3 Bxd3+ 43. Rxd3 Bc1 44. b3 h4 45. Ne2 Bh6 46. Ng1 Re3 47. Rd7
Rxc3 48. Rxb7 Rc1+ 49. Kg2 Rc2+ 50. Kh3 Be3 51. Rb4 f5 52. Kxh4 Bxg1 53. Kg5 Rxa2
54. Rb7+ Kf8 55. Kxf5 Bb6 56. f4 Rb2 57. Kf6 Ke8 58. Ke6 Re2+ 59. Kd6 c5 60. f5
Re3 61. f6 Rxb3 62. f7+ Kf8 63. Ke6 Re3+ 64. Kf6 Bd8+ 65. Kg6 Re6+ 66. Kh5 Re7
67. Rb8 Rd7 68. Rc8 Kxf7 69. Rxc5 Bb6 70. Rc2 Ke6 0-1

[Event "Indywidualne Mistrzostwa Polski Juniorow do lat 16 - Chlopcy"]
[Site "Szklarska Poreba"]
[Date "1899-12-30"]
[Round "7.22"]
[White "Pelka, Michal"]
[Black "Paprocki, Stanislaw"]
[Result "0-1"]
[WhiteTitle "I"]
[BlackTitle "I"]
[WhiteElo "1745"]
[BlackElo "1824"]

1. e4 c5 2. b4 cxb4 3. a3 bxa3 4. Nxa3 d6 5. d4 g6 6. Nf3 Bg7 7. Bd3 Nc6 8. c3
Bg4 9. h3 Bxf3 10. Qxf3 Nf6 11. O-O O-O 12. Rb1 Rb8 13. Bf4 a6 14. Nc2 Qd7 15.
Rfd1 Rfc8 16. g4 Na5 17. e5 Ne8 18. Be4 Qc7 19. exd6 Nxd6 20. Bxd6 Qxd6 21. Nb4
e6 22. Rdc1 Qd7 23. d5 Nc4 24. dxe6 fxe6 25. Rc2 Nd2 26. Rxd2 Qxd2 27. Nd3 b5
28. Rd1 Qxc3 29. g5 Rf8 30. Qg4 Rbe8 31. h4 Qd4 32. Re1 Rf5 33. Bxf5 gxf5 34.
Qh5 Qg4+ 35. Qxg4 fxg4 36. Rb1 Rb8 37. Nb4 Rb6 38. Rd1 a5 39. Rd8+ Bf8 40. Nd3
Rd6 0-1